[Event "Campeonato de España Veteranos 2017"]
[Site "Altea"]
[Date "2017.10.13"]
[Round "7"]
[White "Sabater Sanchez, Asensio"]
[Black "Serrano Marhuenda, Salvador"]
[Result "1-0"]
[Board "7"]
[WhiteElo "2149"]
[WhiteCountry "ESP"]
[WhiteFideId "2229056"]
[WhiteEloChange "6"]
[BlackTitle "CM"]
[BlackElo "2012"]
[BlackCountry "ESP"]
[BlackFideId "2201429"]
[BlackEloChange "-6"]

1. d4 {[%clk 1:30:54]} Nf6 {[%clk 1:27:52]} 2. Bg5 {[%clk 1:31:09]} Ne4 {[%clk
1:28:09]} 3. Bf4 {[%clk 1:31:32]} d5 {[%clk 1:27:43]} 4. e3 {[%clk 1:31:46]} e6
{[%clk 1:27:45]} 5. Bd3 {[%clk 1:31:05]} f5 {[%clk 1:24:11]} 6. Nf3 {[%clk
1:29:11]} Bd6 {[%clk 1:20:14]} 7. Bxd6 {[%clk 1:28:32]} cxd6 {[%clk 1:20:28]} 8.
O-O {[%clk 1:28:14]} O-O {[%clk 1:20:50]} 9. c4 {[%clk 1:28:19]} dxc4 {[%clk
1:21:07]} 10. Bxc4 {[%clk 1:28:35]} d5 {[%clk 1:21:32]} 11. Bd3 {[%clk 1:27:51]}
Nc6 {[%clk 1:21:56]} 12. a3 {[%clk 1:26:10]} a6 {[%clk 1:20:53]} 13. Nbd2 {[%clk
1:22:40]} Qd6 {[%clk 1:16:34]} 14. Rc1 {[%clk 1:21:07]} Bd7 {[%clk 1:15:16]} 15.
Nb3 {[%clk 1:16:49]} Be8 {[%clk 1:09:39]} 16. Nc5 {[%clk 1:11:25]} Nxc5 {[%clk
1:01:52]} 17. dxc5 {[%clk 1:07:06]} Qe7 {[%clk 1:00:52]} 18. Nd4 {[%clk 1:05:41]}
Nxd4 {[%clk 0:56:38]} 19. exd4 {[%clk 1:06:05]} Qh4 {[%clk 0:55:53]} 20. f4
{[%clk 1:05:08]} Qf6 {[%clk 0:53:16]} 21. Be2 {[%clk 1:04:29]} Bc6 {[%clk
0:50:43]} 22. Qd2 {[%clk 1:02:31]} Kh8 {[%clk 0:50:16]} 23. Bf3 {[%clk 0:54:26]}
Rg8 {[%clk 0:48:20]} 24. Rce1 {[%clk 0:47:30]} Rae8 {[%clk 0:44:28]} 25. Qe3
{[%clk 0:47:40]} Re7 {[%clk 0:43:20]} 26. g3 {[%clk 0:47:35]} g6 {[%clk 0:42:41]}
27. Qe5 {[%clk 0:47:56]} Qxe5 {[%clk 0:42:52]} 28. Rxe5 {[%clk 0:48:18]} Kg7
{[%clk 0:42:12]} 29. Re3 {[%clk 0:46:35]} h5 {[%clk 0:40:32]} 30. h4 {[%clk
0:46:52]} Kf6 {[%clk 0:40:53]} 31. Be2 {[%clk 0:46:56]} Ra8 {[%clk 0:39:43]} 32.
b4 {[%clk 0:46:20]} Ree8 {[%clk 0:37:59]} 33. Ra1 {[%clk 0:46:24]} Ra7 {[%clk
0:36:59]} 34. Kf2 {[%clk 0:45:55]} Rea8 {[%clk 0:36:41]} 35. Ke1 {[%clk 0:44:55]}
Rb8 {[%clk 0:33:46]} 36. Rc3 {[%clk 0:45:03]} Ba4 {[%clk 0:30:48]} 37. Bd1 {[%clk
0:44:19]} Bd7 {[%clk 0:31:00]} 38. a4 {[%clk 0:43:55]} Rba8 {[%clk 0:30:34]} 39.
Kd2 {[%clk 0:44:03]} Be8 {[%clk 0:30:10]} 40. Kc1 {[%clk 0:43:49]} Bd7 {[%clk
0:29:55]} 41. Kb2 {[%clk 0:44:04]} Ke7 {[%clk 0:30:03]} 42. Be2 {[%clk 0:43:34]}
Kd8 {[%clk 0:29:21]} 43. Rca3 {[%clk 0:43:55]} Kc7 {[%clk 0:21:57]} 44. b5 {[%clk
0:35:42]} axb5 {[%clk 0:21:15]} 45. axb5 {[%clk 0:35:54]} Rxa3 {[%clk 0:21:05]}
46. b6+ {[%clk 0:36:18]} Kc8 {[%clk 0:18:37]} 47. Rxa3 {[%clk 0:36:32]} Rb8
{[%clk 0:17:30]} 48. Kc3 {[%clk 0:36:29]} Bc6 {[%clk 0:17:07]} 49. Kb4 {[%clk
0:36:05]} Kd8 {[%clk 0:15:00]} 50. Bb5 {[%clk 0:36:02]} Kd7 {[%clk 0:15:22]} 51.
Ra7 {[%clk 0:36:02]} 1-0

[Event "Campeonato de España Veteranos 2017"]
[Site "Altea"]
[Date "2017.10.13"]
[Round "7"]
[White "Lloret Ramis, Juan Jose"]
[Black "Lloret Climent, Miguel"]
[Result "1/2-1/2"]
[Board "8"]
[WhiteElo "2120"]
[WhiteCountry "ESP"]
[WhiteFideId "2204053"]
[WhiteEloChange "-5"]
[BlackElo "1950"]
[BlackCountry "ESP"]
[BlackFideId "2206439"]
[BlackEloChange "5"]

1. c4 {[%clk 1:30:30]} Nf6 {[%clk 1:30:30]} 2. Nc3 {[%clk 1:30:32]} e6 {[%clk
1:30:46]} 3. e4 {[%clk 1:30:52]} c5 {[%clk 1:31:09]} 4. e5 {[%clk 1:30:35]} Ng8
{[%clk 1:31:24]} 5. Nf3 {[%clk 1:30:52]} Nc6 {[%clk 1:31:38]} 6. d4 {[%clk
1:31:10]} cxd4 {[%clk 1:31:14]} 7. Nxd4 {[%clk 1:31:31]} Nxe5 {[%clk 1:31:08]} 8.
Ndb5 {[%clk 1:31:06]} f6 {[%clk 1:30:56]} 9. Be3 {[%clk 1:29:51]} a6 {[%clk
1:30:21]} 10. Nd6+ {[%clk 1:30:06]} Bxd6 {[%clk 1:30:21]} 11. Qxd6 {[%clk
1:30:32]} Ne7 {[%clk 1:30:00]} 12. Bb6 {[%clk 1:29:00]} Nf5 {[%clk 1:30:08]} 13.
Bxd8 {[%clk 1:29:21]} Nxd6 {[%clk 1:30:18]} 14. Bc7 {[%clk 1:29:47]} Ke7 {[%clk
1:21:46]} 15. c5 {[%clk 1:29:59]} Ne8 {[%clk 1:16:17]} 16. Bb6 {[%clk 1:30:14]}
d5 {[%clk 1:11:13]} 17. cxd6+ {[%clk 1:30:27]} Nxd6 {[%clk 1:10:01]} 18. Bc5
{[%clk 1:30:43]} Nf7 {[%clk 1:08:44]} 19. O-O-O {[%clk 1:18:31]} Rd8 {[%clk
1:06:51]} 20. g3 {[%clk 0:56:59]} Bd7 {[%clk 1:00:46]} 21. Bh3 {[%clk 0:44:28]}
1/2-1/2

[Event "Campeonato de España Veteranos 2017"]
[Site "Altea"]
[Date "2017.10.13"]
[Round "7"]
[White "Simon Padros, Emili"]
[Black "Pastor Alonso De Prado, Alberto"]
[Result "1-0"]
[Board "9"]
[WhiteTitle "FM"]
[WhiteElo "2153"]
[WhiteCountry "ESP"]
[WhiteFideId "2205580"]
[WhiteEloChange "9"]
[BlackElo "2131"]
[BlackCountry "ESP"]
[BlackFideId "2255740"]
[BlackEloChange "-9"]

1. e4 {[%clk 1:30:52]} c6 {[%clk 1:30:30]} 2. d4 {[%clk 1:30:56]} d5 {[%clk
1:30:27]} 3. e5 {[%clk 1:31:11]} c5 {[%clk 1:29:57]} 4. dxc5 {[%clk 1:31:12]} e6
{[%clk 1:29:10]} 5. a3 {[%clk 1:31:10]} Qc7 {[%clk 1:24:25]} 6. Nf3 {[%clk
1:29:57]} Nd7 {[%clk 1:24:07]} 7. b4 {[%clk 1:24:56]} a5 {[%clk 1:15:24]} 8. c3
{[%clk 1:17:14]} Ne7 {[%clk 1:10:59]} 9. Bb5 {[%clk 1:11:18]} Ng6 {[%clk
1:06:51]} 10. O-O {[%clk 1:01:06]} Be7 {[%clk 1:07:01]} 11. Re1 {[%clk 0:45:38]}
O-O {[%clk 1:07:13]} 12. Qe2 {[%clk 0:37:18]} b6 {[%clk 1:00:50]} 13. Bxd7 {[%clk
0:36:04]} Bxd7 {[%clk 1:01:11]} 14. cxb6 {[%clk 0:36:23]} Qxb6 {[%clk 1:01:06]}
15. Be3 {[%clk 0:36:18]} Qb8 {[%clk 0:57:09]} 16. Bd4 {[%clk 0:35:50]} axb4
{[%clk 0:52:06]} 17. cxb4 {[%clk 0:35:49]} Rc8 {[%clk 0:52:32]} 18. Nbd2 {[%clk
0:33:34]} Rc2 {[%clk 0:50:50]} 19. Qe3 {[%clk 0:31:52]} Ba4 {[%clk 0:49:05]} 20.
Reb1 {[%clk 0:28:34]} Qb5 {[%clk 0:48:38]} 21. Ne1 {[%clk 0:27:26]} Rc6 {[%clk
0:47:40]} 22. Nd3 {[%clk 0:25:39]} h6 {[%clk 0:40:16]} 23. g3 {[%clk 0:25:24]}
Rca6 {[%clk 0:35:27]} 24. Rc1 {[%clk 0:22:37]} Qb8 {[%clk 0:34:34]} 25. Nc5
{[%clk 0:20:59]} Bxc5 {[%clk 0:34:54]} 26. Rxc5 {[%clk 0:21:12]} Ne7 {[%clk
0:34:55]} 27. Bb2 {[%clk 0:20:45]} d4 {[%clk 0:28:26]} 28. Qxd4 {[%clk 0:19:45]}
Qb6 {[%clk 0:28:31]} 29. Nc4 {[%clk 0:18:38]} Qb7 {[%clk 0:28:44]} 30. Nd6 {[%clk
0:16:19]} Qf3 {[%clk 0:28:40]} 31. Qe3 {[%clk 0:15:49]} Qh5 {[%clk 0:28:12]} 32.
b5 {[%clk 0:14:56]} Ra5 {[%clk 0:26:59]} 33. Rac1 {[%clk 0:14:37]} Nf5 {[%clk
0:23:50]} 34. Qd3 {[%clk 0:13:48]} Ne7 {[%clk 0:22:03]} 35. Rc7 {[%clk 0:13:32]}
Nd5 {[%clk 0:22:05]} 36. Rc8+ {[%clk 0:13:45]} 1-0

[Event "Campeonato de España Veteranos 2017"]
[Site "Altea"]
[Date "2017.10.13"]
[Round "7"]
[White "Suba, Mihai"]
[Black "Fernandez Vicente, Carmelo"]
[Result "1-0"]
[Board "10"]
[WhiteTitle "GM"]
[WhiteElo "2315"]
[WhiteCountry "ROU"]
[WhiteFideId "1203363"]
[WhiteEloChange "3"]
[BlackElo "2044"]
[BlackCountry "ESP"]
[BlackFideId "2228238"]
[BlackEloChange "-3"]

1. c4 {[%clk 1:30:26]} c5 {[%clk 1:30:35]} 2. Nf3 {[%clk 1:30:52]} Nc6 {[%clk
1:30:44]} 3. d4 {[%clk 1:31:13]} cxd4 {[%clk 1:29:34]} 4. Nxd4 {[%clk 1:31:41]}
Nf6 {[%clk 1:28:31]} 5. Nc3 {[%clk 1:31:53]} e6 {[%clk 1:27:58]} 6. a3 {[%clk
1:30:10]} Be7 {[%clk 1:27:06]} 7. e4 {[%clk 1:26:44]} O-O {[%clk 1:25:40]} 8. Be2
{[%clk 1:26:37]} Qb6 {[%clk 1:22:51]} 9. Nc2 {[%clk 1:23:57]} a6 {[%clk 1:17:33]}
10. O-O {[%clk 1:24:09]} d6 {[%clk 1:15:46]} 11. Kh1 {[%clk 1:20:32]} Qc7 {[%clk
1:12:58]} 12. f4 {[%clk 1:18:13]} Na5 {[%clk 1:10:19]} 13. Ne3 {[%clk 1:18:23]}
b6 {[%clk 1:07:55]} 14. b4 {[%clk 1:14:34]} Nc6 {[%clk 1:05:11]} 15. Bb2 {[%clk
1:11:50]} Bb7 {[%clk 1:03:15]} 16. Rc1 {[%clk 1:11:22]} a5 {[%clk 0:55:47]} 17.
Ncd5 {[%clk 1:10:27]} exd5 {[%clk 0:51:09]} 18. cxd5 {[%clk 1:10:10]} Qd7 {[%clk
0:51:02]} 19. Bb5 {[%clk 1:06:31]} Rfc8 {[%clk 0:49:41]} 20. Nf5 {[%clk 1:05:11]}
Bd8 {[%clk 0:48:11]} 21. dxc6 {[%clk 1:02:44]} Bxc6 {[%clk 0:48:06]} 22. Rxc6
{[%clk 1:02:58]} Rxc6 {[%clk 0:47:45]} 23. Nd4 {[%clk 1:02:51]} 1-0

[Event "Campeonato de España Veteranos 2017"]
[Site "Altea"]
[Date "2017.10.13"]
[Round "7"]
[White "Dominguez Rueda, Juan"]
[Black "Serra Olives, Tomas"]
[Result "0-1"]
[Board "11"]
[WhiteElo "2135"]
[WhiteCountry "ESP"]
[WhiteFideId "2200848"]
[WhiteEloChange "-10"]
[BlackTitle "FM"]
[BlackElo "2146"]
[BlackCountry "ESP"]
[BlackFideId "2203774"]
[BlackEloChange "10"]

1. e4 {[%clk 1:30:57]} c5 {[%clk 1:30:56]} 2. Nf3 {[%clk 1:31:19]} Nc6 {[%clk
1:31:20]} 3. d4 {[%clk 1:31:37]} cxd4 {[%clk 1:31:44]} 4. Nxd4 {[%clk 1:31:58]}
Nf6 {[%clk 1:32:09]} 5. Nc3 {[%clk 1:32:20]} e5 {[%clk 1:32:28]} 6. Ndb5 {[%clk
1:32:39]} d6 {[%clk 1:32:50]} 7. Bg5 {[%clk 1:32:57]} a6 {[%clk 1:33:10]} 8. Na3
{[%clk 1:33:05]} b5 {[%clk 1:33:32]} 9. Nd5 {[%clk 1:31:42]} Be7 {[%clk 1:33:48]}
10. Bxf6 {[%clk 1:31:48]} Bxf6 {[%clk 1:34:09]} 11. c3 {[%clk 1:31:46]} Be6
{[%clk 1:32:19]} 12. Nc2 {[%clk 1:31:07]} Bg5 {[%clk 1:31:54]} 13. Nce3 {[%clk
1:28:19]} Ne7 {[%clk 1:21:36]} 14. a4 {[%clk 1:23:56]} Bxe3 {[%clk 1:06:25]} 15.
Nxe3 {[%clk 1:22:38]} Rb8 {[%clk 0:59:07]} 16. axb5 {[%clk 1:21:02]} axb5 {[%clk
0:59:29]} 17. Be2 {[%clk 1:11:15]} O-O {[%clk 0:59:38]} 18. O-O {[%clk 1:09:15]}
Qb6 {[%clk 0:54:01]} 19. Bg4 {[%clk 1:01:53]} Kh8 {[%clk 0:44:39]} 20. Nf5 {[%clk
0:44:38]} Bxf5 {[%clk 0:41:11]} 21. exf5 {[%clk 0:42:08]} d5 {[%clk 0:40:26]} 22.
Bh3 {[%clk 0:38:50]} b4 {[%clk 0:38:06]} 23. Qe2 {[%clk 0:35:23]} f6 {[%clk
0:37:46]} 24. Ra2 {[%clk 0:29:02]} bxc3 {[%clk 0:35:47]} 25. bxc3 {[%clk
0:29:19]} Qc5 {[%clk 0:35:52]} 26. Rc2 {[%clk 0:27:47]} Rb3 {[%clk 0:34:20]} 27.
Rfc1 {[%clk 0:24:43]} Rfb8 {[%clk 0:32:31]} 28. g3 {[%clk 0:22:40]} Rb1 {[%clk
0:32:07]} 29. Qd1 {[%clk 0:19:30]} Rxc1 {[%clk 0:32:14]} 30. Rxc1 {[%clk
0:19:28]} Rb2 {[%clk 0:31:54]} 31. Qe1 {[%clk 0:19:02]} e4 {[%clk 0:30:07]} 32.
Ra1 {[%clk 0:17:54]} Kg8 {[%clk 0:29:10]} 33. Bg4 {[%clk 0:17:00]} Kf7 {[%clk
0:28:59]} 34. Bh5+ {[%clk 0:16:33]} g6 {[%clk 0:29:15]} 35. fxg6+ {[%clk
0:16:36]} hxg6 {[%clk 0:29:39]} 36. Be2 {[%clk 0:16:22]} Rc2 {[%clk 0:24:30]} 37.
Rc1 {[%clk 0:16:10]} Rxc1 {[%clk 0:23:28]} 38. Qxc1 {[%clk 0:16:38]} d4 {[%clk
0:23:34]} 39. c4 {[%clk 0:12:56]} d3 {[%clk 0:23:33]} 40. Bd1 {[%clk 0:12:36]}
Kg7 {[%clk 0:21:41]} 41. h4 {[%clk 0:09:54]} Nc6 {[%clk 0:18:09]} 42. h5 {[%clk
0:08:42]} gxh5 {[%clk 0:17:19]} 43. Qb2 {[%clk 0:07:34]} Qe5 {[%clk 0:15:33]} 44.
Qb5 {[%clk 0:04:27]} Nd4 {[%clk 0:10:27]} 45. Qxe5 {[%clk 0:04:02]} fxe5 {[%clk
0:10:50]} 46. c5 {[%clk 0:02:16]} Kf6 {[%clk 0:10:59]} 47. Bxh5 {[%clk 0:02:29]}
Ke6 {[%clk 0:09:18]} 48. Bd1 {[%clk 0:02:06]} Kd5 {[%clk 0:09:30]} 49. g4 {[%clk
0:02:33]} Kxc5 {[%clk 0:09:31]} 50. Kf1 {[%clk 0:02:57]} Nf3 {[%clk 0:09:03]} 51.
Kg2 {[%clk 0:02:44]} Kd4 {[%clk 0:08:40]} 52. Kg3 {[%clk 0:01:20]} Kc3 {[%clk
0:08:42]} 53. Ba4 {[%clk 0:01:40]} d2 {[%clk 0:08:09]} 54. g5 {[%clk 0:01:42]}
Nxg5 {[%clk 0:08:21]} 55. Kg4 {[%clk 0:02:08]} Nf3 {[%clk 0:07:52]} 56. Kf5
{[%clk 0:02:29]} Kd4 {[%clk 0:08:10]} 57. Kg4 {[%clk 0:01:59]} Ne1 {[%clk
0:08:09]} 58. Bd1 {[%clk 0:01:37]} Nd3 {[%clk 0:08:09]} 0-1

[Event "Campeonato de España Veteranos 2017"]
[Site "Altea"]
[Date "2017.10.13"]
[Round "7"]
[White "De Lucas Bello, Federico"]
[Black "Celaya Tapiz, Jose Maria"]
[Result "0-1"]
[Board "13"]
[WhiteElo "1988"]
[WhiteCountry "ESP"]
[WhiteFideId "2218259"]
[WhiteEloChange "-5"]
[BlackElo "2196"]
[BlackCountry "ESP"]
[BlackFideId "2256703"]
[BlackEloChange "5"]

1. e4 {[%clk 1:30:58]} e5 {[%clk 1:30:54]} 2. Nf3 {[%clk 1:23:58]} Nc6 {[%clk
1:31:09]} 3. Bb5 {[%clk 1:24:19]} Bb4 {[%clk 1:31:28]} 4. O-O {[%clk 1:17:59]}
Nge7 {[%clk 1:29:30]} 5. c3 {[%clk 1:17:50]} Ba5 {[%clk 1:29:57]} 6. Na3 {[%clk
1:16:56]} Bb6 {[%clk 1:29:39]} 7. Nc4 {[%clk 1:14:49]} d6 {[%clk 1:29:57]} 8. a4
{[%clk 1:12:30]} Be6 {[%clk 1:29:40]} 9. Ng5 {[%clk 1:11:25]} Bxc4 {[%clk
1:19:14]} 10. Bxc4 {[%clk 1:11:07]} d5 {[%clk 1:19:33]} 11. exd5 {[%clk 1:10:08]}
Nxd5 {[%clk 1:20:01]} 12. Qf3 {[%clk 1:07:59]} Qxg5 {[%clk 1:19:44]} 13. Bxd5
{[%clk 1:08:24]} Qg6 {[%clk 1:19:47]} 14. Bxc6+ {[%clk 1:06:00]} bxc6 {[%clk
1:19:32]} 15. Re1 {[%clk 1:05:41]} O-O {[%clk 1:17:30]} 16. Rxe5 {[%clk 1:02:05]}
Rae8 {[%clk 1:17:38]} 17. d4 {[%clk 1:01:47]} Rxe5 {[%clk 1:17:25]} 18. dxe5
{[%clk 1:02:12]} Qc2 {[%clk 1:14:12]} 19. Bg5 {[%clk 0:47:45]} Qxb2 {[%clk
1:14:03]} 20. Rf1 {[%clk 0:47:50]} h6 {[%clk 1:13:08]} 21. Bc1 {[%clk 0:46:53]}
Qc2 {[%clk 1:12:49]} 22. h3 {[%clk 0:39:44]} Qxa4 {[%clk 1:12:30]} 23. Qg3 {[%clk
0:38:20]} Kh8 {[%clk 1:12:40]} 24. Qd3 {[%clk 0:37:52]} Qb5 {[%clk 1:11:36]} 25.
Qf5 {[%clk 0:36:42]} Qd5 {[%clk 1:09:55]} 26. Qh5 {[%clk 0:35:55]} Kg8 {[%clk
0:38:07]} 27. Kh2 {[%clk 0:33:36]} Qc4 {[%clk 0:31:29]} 28. Qd1 {[%clk 0:28:34]}
f6 {[%clk 0:29:06]} 29. f4 {[%clk 0:26:19]} fxe5 {[%clk 0:29:12]} 30. f5 {[%clk
0:26:47]} e4 {[%clk 0:28:44]} 31. f6 {[%clk 0:22:49]} e3 {[%clk 0:27:47]} 32. Qd7
{[%clk 0:21:04]} Rxf6 {[%clk 0:27:05]} 33. Qd8+ {[%clk 0:20:14]} Kh7 {[%clk
0:23:20]} 34. Rxf6 {[%clk 0:19:34]} gxf6 {[%clk 0:23:48]} 35. Qxf6 {[%clk
0:18:59]} Qd5 {[%clk 0:23:00]} 36. Qe7+ {[%clk 0:18:02]} Kg6 {[%clk 0:23:09]} 37.
Qe8+ {[%clk 0:18:01]} Kf5 {[%clk 0:22:24]} 38. Qh5+ {[%clk 0:14:47]} Ke4 {[%clk
0:21:24]} 39. Qe2 {[%clk 0:13:39]} Qe5+ {[%clk 0:21:14]} 40. g3 {[%clk 0:12:26]}
h5 {[%clk 0:18:43]} 41. Qc2+ {[%clk 0:12:04]} Kd5 {[%clk 0:19:02]} 42. c4+ {[%clk
0:11:06]} Ke6 {[%clk 0:19:03]} 43. Bb2 {[%clk 0:07:46]} Bd4 {[%clk 0:19:07]} 0-1

[Event "Campeonato de España Veteranos 2017"]
[Site "Altea"]
[Date "2017.10.13"]
[Round "7"]
[White "Fos Santacreu, Juan Andres"]
[Black "Sarto Ramos, Angel"]
[Result "1-0"]
[Board "14"]
[WhiteTitle "FM"]
[WhiteElo "2140"]
[WhiteCountry "ESP"]
[WhiteFideId "2205211"]
[WhiteEloChange "4"]
[BlackElo "1909"]
[BlackCountry "ESP"]
[BlackFideId "2204614"]
[BlackEloChange "-4"]

1. c4 {[%clk 1:30:06]} Nf6 {[%clk 1:29:10]} 2. Nc3 {[%clk 1:30:09]} g6 {[%clk
1:28:19]} 3. g3 {[%clk 1:27:42]} Bg7 {[%clk 1:27:27]} 4. Bg2 {[%clk 1:28:04]} O-O
{[%clk 1:25:38]} 5. d3 {[%clk 1:22:22]} c6 {[%clk 1:23:31]} 6. e4 {[%clk
1:21:00]} d6 {[%clk 1:22:18]} 7. Nge2 {[%clk 1:21:12]} Na6 {[%clk 1:19:41]} 8.
O-O {[%clk 1:21:16]} Nc7 {[%clk 1:19:03]} 9. d4 {[%clk 1:19:27]} e5 {[%clk
1:17:59]} 10. d5 {[%clk 1:19:14]} c5 {[%clk 1:15:48]} 11. f4 {[%clk 1:14:13]}
Nfe8 {[%clk 1:10:52]} 12. Be3 {[%clk 1:10:20]} b6 {[%clk 1:10:00]} 13. Qd2 {[%clk
1:04:48]} f6 {[%clk 1:05:43]} 14. b3 {[%clk 0:57:20]} Bd7 {[%clk 1:05:26]} 15.
Rf2 {[%clk 0:54:59]} Qe7 {[%clk 0:54:39]} 16. Rd1 {[%clk 0:55:10]} Bh6 {[%clk
0:51:46]} 17. h3 {[%clk 0:50:48]} Ng7 {[%clk 0:47:24]} 18. Rdf1 {[%clk 0:45:42]}
Rae8 {[%clk 0:46:40]} 19. f5 {[%clk 0:39:56]} Bxe3 {[%clk 0:46:45]} 20. Qxe3
{[%clk 0:40:24]} g5 {[%clk 0:46:44]} 21. Bf3 {[%clk 0:39:25]} b5 {[%clk 0:45:48]}
22. cxb5 {[%clk 0:39:48]} Nxb5 {[%clk 0:46:06]} 23. Nxb5 {[%clk 0:40:11]} Bxb5
{[%clk 0:46:31]} 24. Rc1 {[%clk 0:40:13]} Rb8 {[%clk 0:45:01]} 25. h4 {[%clk
0:39:29]} h6 {[%clk 0:44:50]} 26. Rh2 {[%clk 0:39:11]} Kf7 {[%clk 0:44:07]} 27.
Kf2 {[%clk 0:36:42]} Ke8 {[%clk 0:27:33]} 28. Qc3 {[%clk 0:35:30]} Bxe2 {[%clk
0:27:15]} 29. Bxe2 {[%clk 0:35:47]} Rb4 {[%clk 0:27:18]} 30. Bc4 {[%clk 0:35:33]}
g4 {[%clk 0:27:08]} 31. h5 {[%clk 0:36:02]} Qd7 {[%clk 0:18:48]} 32. Qd2 {[%clk
0:35:08]} Nxf5 {[%clk 0:15:53]} 33. exf5 {[%clk 0:35:06]} Qxf5+ {[%clk 0:16:02]}
34. Kg1 {[%clk 0:35:16]} Qf3 {[%clk 0:15:37]} 35. Rg2 {[%clk 0:35:14]} Rb7 {[%clk
0:07:53]} 36. Bd3 {[%clk 0:32:09]} Ke7 {[%clk 0:07:29]} 37. Bg6 {[%clk 0:31:55]}
f5 {[%clk 0:06:03]} 38. Qxh6 {[%clk 0:31:31]} f4 {[%clk 0:06:14]} 39. Qg7+ {[%clk
0:31:29]} Kd8 {[%clk 0:06:18]} 40. Qxf8+ {[%clk 0:31:53]} Kc7 {[%clk 0:06:45]}
41. Qe7+ {[%clk 0:32:07]} Kb6 {[%clk 0:06:35]} 42. Qxd6+ {[%clk 0:32:29]} Ka5
{[%clk 0:06:17]} 43. Rxc5+ {[%clk 0:31:51]} Rb5 {[%clk 0:06:17]} 44. Rxb5+ {[%clk
0:31:43]} 1-0

[Event "Campeonato de España Veteranos 2017"]
[Site "Altea"]
[Date "2017.10.13"]
[Round "7"]
[White "Beltran Sanz, Felix"]
[Black "Coll Sola, Joan"]
[Result "0-1"]
[Board "15"]
[WhiteElo "1744"]
[WhiteCountry "ESP"]
[WhiteFideId "22237780"]
[WhiteEloChange "-3"]
[BlackElo "2045"]
[BlackCountry "ESP"]
[BlackFideId "2291088"]
[BlackEloChange "3"]

1. e4 {[%clk 1:30:30]} c5 {[%clk 1:30:48]} 2. Nf3 {[%clk 1:31:07]} e6 {[%clk
1:31:15]} 3. d4 {[%clk 1:29:24]} cxd4 {[%clk 1:31:43]} 4. Nxd4 {[%clk 1:29:42]}
Nc6 {[%clk 1:32:11]} 5. Be3 {[%clk 1:29:17]} Nf6 {[%clk 1:31:57]} 6. Nxc6 {[%clk
1:29:02]} bxc6 {[%clk 1:32:10]} 7. Bd3 {[%clk 1:28:07]} d5 {[%clk 1:31:25]} 8.
Nd2 {[%clk 1:25:16]} Be7 {[%clk 1:30:07]} 9. e5 {[%clk 1:24:57]} Nd7 {[%clk
1:30:10]} 10. Nf3 {[%clk 1:24:57]} O-O {[%clk 1:27:49]} 11. O-O {[%clk 1:25:13]}
f6 {[%clk 1:11:15]} 12. exf6 {[%clk 1:18:03]} Bxf6 {[%clk 1:08:35]} 13. c3 {[%clk
1:17:37]} e5 {[%clk 1:05:54]} 14. Bc2 {[%clk 1:15:45]} Nb6 {[%clk 1:02:13]} 15.
h3 {[%clk 1:14:11]} Be6 {[%clk 0:56:56]} 16. Re1 {[%clk 1:11:45]} Nd7 {[%clk
0:53:48]} 17. Qd2 {[%clk 1:10:44]} h6 {[%clk 0:51:14]} 18. Bb3 {[%clk 1:09:26]}
Qe7 {[%clk 0:47:32]} 19. Qc2 {[%clk 0:56:32]} Rfe8 {[%clk 0:40:27]} 20. Qg6
{[%clk 0:47:50]} Bf7 {[%clk 0:40:01]} 21. Qc2 {[%clk 0:48:07]} Nc5 {[%clk
0:39:39]} 22. Qe2 {[%clk 0:44:28]} Nxb3 {[%clk 0:38:25]} 23. axb3 {[%clk
0:44:47]} d4 {[%clk 0:36:40]} 24. Bd2 {[%clk 0:44:16]} c5 {[%clk 0:36:20]} 25. c4
{[%clk 0:43:18]} e4 {[%clk 0:33:42]} 26. Nh2 {[%clk 0:43:21]} d3 {[%clk 0:29:54]}
27. Qg4 {[%clk 0:43:03]} h5 {[%clk 0:26:58]} 28. Qf5 {[%clk 0:40:02]} Bxb2 {[%clk
0:26:31]} 29. Rab1 {[%clk 0:40:23]} Qf6 {[%clk 0:25:59]} 30. Qxc5 {[%clk
0:39:01]} Bd4 {[%clk 0:25:58]} 31. Qb4 {[%clk 0:37:03]} Bxf2+ {[%clk 0:25:28]}
32. Kh1 {[%clk 0:37:15]} Bxe1 {[%clk 0:25:55]} 33. Rxe1 {[%clk 0:37:12]} Rab8
{[%clk 0:22:53]} 34. Qa3 {[%clk 0:37:30]} Qb6 {[%clk 0:21:09]} 35. Nf1 {[%clk
0:37:19]} Qxb3 {[%clk 0:20:23]} 36. Qxa7 {[%clk 0:37:33]} Rb7 {[%clk 0:20:12]}
37. Qf2 {[%clk 0:35:02]} Bxc4 {[%clk 0:17:42]} 38. Ne3 {[%clk 0:35:14]} Qa2
{[%clk 0:16:58]} 39. Nxc4 {[%clk 0:32:13]} Qxc4 {[%clk 0:17:12]} 40. Qe3 {[%clk
0:32:22]} Qa2 {[%clk 0:16:22]} 41. Bc3 {[%clk 0:31:23]} Rb1 {[%clk 0:15:55]} 42.
Rxb1 {[%clk 0:30:59]} Qxb1+ {[%clk 0:16:23]} 43. Kh2 {[%clk 0:31:16]} Qb8+ {[%clk
0:14:33]} 44. Kg1 {[%clk 0:31:21]} Qd8 {[%clk 0:11:08]} 45. Qg3 {[%clk 0:31:11]}
Qd7 {[%clk 0:11:24]} 46. Qg6 {[%clk 0:31:10]} Qf7 {[%clk 0:09:46]} 0-1